Normal view MARC view

Entry Personal Name

Number of records used in: 1

001 - CONTROL NUMBER

  • control field: 38236

003 - CONTROL NUMBER IDENTIFIER

  • control field: OSt

005 - DATE AND TIME OF LATEST TRANSACTION

  • control field: 20230515121109.0

008 - FIXED-LENGTH DATA ELEMENTS

  • fixed length control field: 230515|| aca||aabn | a|a d

040 ## - CATALOGING SOURCE

  • Original cataloging agency: OSt
  • Transcribing agency: OSt

100 ## - HEADING--PERSONAL NAME

  • Personal name: Gupta, A., Paikra, V.K. and Sharma, K.

670 ## - SOURCE DATA FOUND

  • Source citation: Work cat.: (OSt)521981: Gupta, A., Paikra, V.K. and Sharma, K. , Social disadvantage and child mortality in India: 1993-2019

Powered by Koha